000 01256nam a22003617a 4500
003 CHAP
005 20220329132941.0
008 971013s1990 r 00010 d
010 _a593
011 _a1565
035 _a741
040 _cCHAP
090 _aTesis
100 0 0 _aHernández Espinoza, Pedro.
_953987
245 _aZonificación agroecológica del frijol (Phaseolus vulgaris L.) en condiciones de temporal con dos niveles de inversión para la República Mexicana
260 _aChapingo, Méx. :
_bEl autor,
_c1990
300 _a104 h., anexo
_b; mapas
500 _a37-67
502 _aTesis (Ing. Agr. Esp. en Suelos) -- UACH. Departamento de Suelos
590 _aALEPH
_b10
_c20130110
_lUCH01
_h1205
590 _aBATCH-UPD
_b10
_c20130110
_lUCH01
_h1031
590 _aBATCH-UPD
_b10
_c20130410
_lUCH01
_h0634
590 _aBATCH-UPD
_b10
_c20130913
_lUCH01
_h2139
590 _aCONVERSION
_b10
_c20130109
_lUCH01
_h1302
650 1 4 _aAgricultura de temporal.
_91999
650 1 4 _aFrijol
_xMéxico.
_943408
650 1 4 _aFrijol
_xRendimiento.
_943429
700 0 _aHernández Solorio, Ma. de la Luz.
_954643
700 0 _aMiranda Guardado, Felipe.
_976076
901 _aBK
942 _cTESIS
949 _bBC
_cTES
_d-10200
_eTS1
_h22736
_i741
_si
999 _c593
_d593